Maritime education and training (Record no. 1958)

000 -LEADER
fixed length control field 00344nam a22001217a 4500
008 - FIXED-LENGTH DATA ELEMENTS--GENERAL INFORMATION
fixed length control field 200207b ||||| |||| 00| 0 eng d
110 ## - MAIN ENTRY--CORPORATE NAME
9 (RLIN) 1558
Corporate name or jurisdiction name as entry element Nautical Institute
245 10 - TITLE STATEMENT
Title Maritime education and training
260 ## - PUBLICATION, DISTRIBUTION, ETC. (IMPRINT)
Place of publication, distribution, etc England
Name of publisher, distributor, etc Nautical Institute
Date of publication, distribution, etc 1997
300 ## - PHYSICAL DESCRIPTION
Extent 332p.
650 #0 - SUBJECT ADDED ENTRY--TOPICAL TERM
Topical term or geographic name as entry element Naval Architecture
942 ## - ADDED ENTRY ELEMENTS (KOHA)
Item type Books
Holdings
Withdrawn status Lost status Source of classification or shelving scheme Damaged status Not for loan Permanent location Current location Date acquired Source of acquisition Full call number Barcode Date last seen Cost, replacement price Koha item type
          IMU Kolkata IMU Kolkata 2000-08-16 Jyoti, the Book People 623.81 N27759 09286 2020-02-07 5210.71 Books
          IMU Kolkata IMU Kolkata 2002-09-10 Sterling Book House 623.81 N27759 09404 2020-02-11 5357.28 Books
Designed and Maintained by IMU-KC Library, Kolkata Campus © Copyright All Rights Reserved

webs counters

Powered by Koha